| 000 | 01069cam a2200325 i 4500 | ||
|---|---|---|---|
| 001 | 18966823 | ||
| 003 | OSt | ||
| 005 | 20180205190235.0 | ||
| 008 | 160208s2016 nyu 000 0 eng | ||
| 010 | _a 2016932853 | ||
| 020 | _a9781259587542 | ||
| 020 | _a1259587541 | ||
| 040 |
_aDLC _beng _cDLC _erda _dDLC |
||
| 042 | _apcc | ||
| 082 |
_a537.5 _bSCH 2016 |
||
| 100 | 1 |
_aScherz, Paul; Monk, Simon. _912405 |
|
| 245 | 1 | 0 | _aPractical Electronics For Inventors |
| 250 | _a4th.ed. | ||
| 264 | 1 |
_aNew York ; _bMcGraw-Hill Education, _c2016 |
|
| 300 |
_axxv, 1027ps ; _c28 cm _bill : |
||
| 336 |
_atext _btxt _2rdacontent |
||
| 337 |
_aunmediated _bn _2rdamedia |
||
| 338 |
_avolume _bnc _2rdacarrier |
||
| 504 | _aIncludes index. | ||
| 650 | 0 |
_aElectronics _912406 |
|
| 856 | 4 | 2 |
_3Contributor biographical information _uhttp://www.loc.gov/catdir/enhancements/fy1605/2016932853-b.html |
| 856 | 4 | 2 |
_3Publisher description _uhttp://www.loc.gov/catdir/enhancements/fy1605/2016932853-d.html |
| 906 |
_a7 _bcbc _corignew _d2 _eepcn _f20 _gy-gencatlg |
||
| 942 |
_2ddc _cO_SHELF |
||
| 999 |
_c5983 _d5983 |
||